00403nam a2200097Ia 4500008004100000100003100041245014400072260005800216650001200274999001900286160725s9999 xx 000 0 und d aVillegas, Ma. Carmelita A. aCurriculum design and development within the current Philippine landscape: Southville International School and Colleges- College of Nursing bKaizen Research Journal College of NursingcJune 2013 aNURSING c298022d298022